| 000 | 00638cam a2200205 4500500 | ||
|---|---|---|---|
| 005 | 20260405003948.0 | ||
| 041 | _afre | ||
| 042 | _adc | ||
| 100 | 1 | 0 |
_aLegros, Martin _eauthor |
| 245 | 0 | 0 | _aCrise politique : à qui les Français vont-ils confier leur “froide” colère ? |
| 260 | _c2025. | ||
| 500 | _a79 | ||
| 690 | _aColère | ||
| 690 | _aCrise | ||
| 690 | _aFrance | ||
| 690 | _aPeter Sloterdijk | ||
| 690 | _aPeuple | ||
| 786 | 0 | _nPhilosophie magazine | 194 | 11 | 2025-11-01 | p. 9-10 | 1951-1787 | |
| 856 | 4 | 1 | _uhttps://shs.cairn.info/magazine-philosophie-magazine-2025-11-page-9?lang=fr&redirect-ssocas=7080 |
| 999 |
_c2072494 _d2072494 |
||